000 01821cam a22004934i 4500
003 PE-LiUPU
005 20250731173359.0
008 150706s2009 flu rb 000 0 spa d
020 _a9780829751833
035 _a(Sirsi) i9780829751833
040 _aPE-LiUPU
_bspa
_cPE-LiUPU
_erda
049 _aPRUA
082 0 4 _a231.7652
_bT89
_221
100 1 _aNelson, Paul,
_eautor.
245 1 0 _aTres puntos de vista sobre la creación y la evolución :
_bpuntos de vista teológicos /
_cPaul Nelson, Robert C. Newman y Howard J. Van Till.
264 1 _aMiami :
_bEditorial Vida,
_c2009.
300 _a295 páginas ;
_c22 centímetros
336 _atext
_2rdacontent
337 _aunmediated
_2rdamedia
338 _avolume
_2rdacarrier
504 _aIncluye bibliografía.
505 0 _aEl creacionismo de la tierra joven -- Creacionismo progresivo -- La creación plenamente dotada.
526 _aSEG42
526 _aSEG41
526 _aSEG40
526 _aSEG39
526 _aP94
526 _aP87
526 _aP86
526 _aP85
526 _aP77
526 _aP76
526 _aP35
541 _g001-0000499;
650 0 4 _aCreacionismo.
700 1 _aMoreland, John,
_eed.
700 1 _aReynolds, Mark,
_eed.
910 _agl
_bjck
_d20101228
942 _2ddc
_cBOOK
949 _a231.7652 T89
_wDEWEY
_c1
_i62462
_d2016-10-11
_e2016-10-10
_lCCODEBUL1
_mBUL
_n5
_p16.00
_r0
_sY
_tBOOK
_u2015-7-6
_xTEOLOGIA
_PP35
_0COMPRA
_o.STAFF. Colección General
994 _aC0
_bPEPRU
596 _a1
999 _a231.7652 T89
_wDEWEY
_c51520
_i62462
_d51520
_e2019-11-11
_f2021-11-9
_g5
_lCCODEBUL1
_mBUL
_n12
_p16.00
_q4
_r0
_sY
_tBOOK
_u2015-7-6
_xTEOLOGIA
_PP35
_0COMPRA
_o.STAFF. Colección Teología
980 _81
_gALBERTO SANCHEZ Responsable de Automatización